<?xml version="1.0" encoding="UTF-8"?>
<marc:record xmlns:marc="http://www.loc.gov/MARC21/slim">
   <marc:leader>00000nam a2200000 a 4500</marc:leader>
   <marc:datafield ind1="0" ind2="0" tag="245">
      <marc:subfield code="a">Frauen, die ihre Träume leben</marc:subfield>
   </marc:datafield>
   <marc:datafield ind1="0" ind2="0" tag="245">
      <marc:subfield code="b">faszinierende und inspirierende Lebensgeschichten</marc:subfield>
   </marc:datafield>
   <marc:datafield ind1=" " ind2="1" tag="264">
      <marc:subfield code="b">Insel Verlag</marc:subfield>
      <marc:subfield code="c">2017</marc:subfield>
   </marc:datafield>
   <marc:datafield ind1="1" ind2=" " tag="520">
      <marc:subfield code="a">Frauen, die ihre Träume leben erzählt von unerschrockenen und couragierten Frauen, die hoch hinaus wollten und sich bei ihren Bemühungen, den großen Sprung zu wagen, von nichts und niemandem den Weg versperren ließen. Dabei haben sie nicht selten die berühmte "gläserne Decke" durchbrochen - und mit ihren Taten Geschichte geschrieben.&lt;br/&gt;Der Band versammelt faszinierende und außergewöhnliche Lebensgeschichten von Frauen, die den Mut hatten, ihre eigenen Visionen zu verwirklichen - ein Buch für alle Leserinnen, die sich inspirieren lassen möchten, die eigenen Träume zu leben! [Verlagsmeldung]</marc:subfield>
   </marc:datafield>
   <marc:datafield ind1=" " ind2=" " tag="020">
      <marc:subfield code="a">9783458362951</marc:subfield>
      <marc:subfield code="9">9783458362951</marc:subfield>
   </marc:datafield>
</marc:record>
